|
|
|
|
| LEADER |
00862nam a2200289 4500 |
| 001 |
DLU090098593 |
| 005 |
##20091201 |
| 040 |
# |
# |
|a DLU
|b eng
|
| 041 |
# |
# |
|a eng
|
| 044 |
# |
# |
|a us
|
| 100 |
# |
# |
|a Norris, Sigrid.
|
| 245 |
# |
# |
|a The micropolitics of personal national and ethnicity identity /
|c Sigrid Norris.
|
| 653 |
# |
# |
|a Discourse systems
|
| 653 |
# |
# |
|a Intercultural communication
|
| 653 |
# |
# |
|a Multimodal interaction analysis
|
| 653 |
# |
# |
|a National identity
|
| 653 |
# |
# |
|a Personal identity
|
| 773 |
# |
# |
|t Discourse & Society
|g Vol. 18, no. 5 (September 2007), p. 653-674
|
| 920 |
# |
# |
|a Phòng Tạp chí -- Trung tâm Thông tin - Thư viện Trường Đại học Đà Lạt
|
| 994 |
# |
# |
|a DLU
|
| 900 |
# |
# |
|a True
|
| 911 |
# |
# |
|a Trương Bảo Trâm Anh
|
| 925 |
# |
# |
|a G
|
| 926 |
# |
# |
|a A
|
| 927 |
# |
# |
|a BB
|
| 980 |
# |
# |
|a Thư viện Trường Đại học Đà Lạt
|